<?xml version="1.0" encoding="UTF-8"?>
<marc:record xmlns:marc="http://www.loc.gov/MARC21/slim">
   <marc:leader>00000nam a2200000 a 4500</marc:leader>
   <marc:datafield ind1="1" ind2=" " tag="100">
      <marc:subfield code="a">Voglhuber, Robert</marc:subfield>
      <marc:subfield code="4">aut</marc:subfield>
      <marc:subfield code="e">Verfasser/-in</marc:subfield>
   </marc:datafield>
   <marc:datafield ind1="0" ind2="0" tag="245">
      <marc:subfield code="a">Morphologie eines Kreisläufers: Life is a Story</marc:subfield>
   </marc:datafield>
   <marc:datafield ind1=" " ind2="1" tag="264">
      <marc:subfield code="b">story.one publishing</marc:subfield>
      <marc:subfield code="c">2025</marc:subfield>
   </marc:datafield>
   <marc:datafield ind1="1" ind2=" " tag="520">
      <marc:subfield code="a">Wie ein Film spulen sich Szenen vor dem inneren Auge des namenlosen Ich-Erzählers ab. Ein unsichtbares Netz verbindet erinnerte Vergangenheit und Gegenwart, in der sich die Jahre zusammenziehen. Alle Gedanken kreisen um die Zeit, als wäre alles gegenwärtig, vor allem die eigenen Gefühle von einst. Der Autor schreibt einen Roman über einen Autor, der Journalist und Automobiltestpilot ist. Teilen sich Autor und Held alles? Vielleicht ja, vielleicht auch nicht. Aus teils biografischen Bruchstücken wird ein Panorama zeitgenössischer Lebens- und Liebesart entworfen. Die Handlung liegt nicht in den Plots, sondern in der sprachlich elastischen Verdichtung des Textes, die sich aus assoziativen Gegenschnitten und stimmigen Überblendungen ergibt. Auf Selbstreflexion zurückgeworfen, im ständigen fact/ fiction - Registerwechsel serieller Monogamie zwischen verzückter kordialer Eindringlichkeit und Verdruss entfaltet sich in fein bemessener Selbstironie das Psychogramm eines Draufgängers.</marc:subfield>
   </marc:datafield>
   <marc:datafield ind1=" " ind2=" " tag="020">
      <marc:subfield code="a">9783711577788</marc:subfield>
      <marc:subfield code="9">9783711577788</marc:subfield>
   </marc:datafield>
</marc:record>
